Open Data Biblioteca Nacional de Portugal


República Portuguesa: Ministério da Cultura
Biblioteca Nacional de Portugal

Catálogo da BNP: acesso por Identificadores Unívocos
Registos Bibliográficos associados ao registo de autoridade

Etiqueta de registo: 00000nam 2200025 450
001 2284581
003 http://id.bnportugal.gov.pt/bib/catbnp/2284581
010 ## $a978-972-95552-5-1
021 ## $aPT$b274664/08
100 ## $a20260514d2008 m y0pory01030103ba
101 0# $apor$aeng
102 ## $aPT
105 ## $aa z 000yy
106 ## $ar
200 1# $aNorte Alentejano$eInspiração Poética$dNorth Alentejano$epoetic inspiration$fDomingos Bucho, Raul Ladeira, João José Bica$gpesquisa e sel. textos literários Catarina Bucho Machado$gtrad. Connie Botelho-Cabral$zeng
210 #9 $aPortalegre$cRegião de Turismo de São Mamede,$d2008
215 ## $a207 p.$cil.$d30 cm
305 ## $aEd. bilíngue em português e inglês
510 1# $aNorth Alentejano$epoetic inspiration$zeng
700 #1 $aBucho,$bDomingos Almeida,$f1954-$347649
701 #1 $aLadeira,$bRaúl$4070$359302
701 #1 $aBica,$bJoão José$4070$3198066
702 #1 $aMachado,$bCatarina Bucho$4220$31433338
702 #1 $aCabral,$bConnie Botelho$4730$31430850
801 #0 $aPT$bBN$gRPC
966 ## $lBN$mFGMON$pADLA$x3
971 ## $corlando$d20260514

OpendataBNP@bnportugal.pt | Mais informação sobre acesso aos dados BNP